Modified clays as activator in sulphur vulcanisation: A novel approach to reduce zinc oxide levels in rubber compounds (Record no. 63123)

MARC details
000 -LEADER
fixed length control field 00621nam a2200205Ia 4500
100 ## - MAIN ENTRY--AUTHOR NAME
Personal name Heideman G
245 #0 - TITLE STATEMENT
Title Modified clays as activator in sulphur vulcanisation: A novel approach to reduce zinc oxide levels in rubber compounds
260 ## - PUBLICATION, DISTRIBUTION, ETC. (IMPRINT)
Name of publisher Kautschuk Gummi Kunststoffe
Year of publication 2003
300 ## - PHYSICAL DESCRIPTION
Number of Pages 650-656
650 ## - SUBJECT ADDED ENTRY--TOPICAL TERM
Topical Term Availability of Zn2+-ions
650 ## - SUBJECT ADDED ENTRY--TOPICAL TERM
Topical Term Ion-exchange
650 ## - SUBJECT ADDED ENTRY--TOPICAL TERM
Topical Term Modified clays
650 ## - SUBJECT ADDED ENTRY--TOPICAL TERM
Topical Term New activator
650 ## - SUBJECT ADDED ENTRY--TOPICAL TERM
Topical Term Zinc oxide reduction
700 ## - ADDED ENTRY--PERSONAL NAME
Personal name Datta R N
700 ## - ADDED ENTRY--PERSONAL NAME
Personal name Noordermeer J W M
700 ## - ADDED ENTRY--PERSONAL NAME
Personal name van Baarle B
942 ## - ADDED ENTRY ELEMENTS (KOHA)
Koha item type Journals
Holdings
Withdrawn status Lost status Damaged status Not for loan Home library Current library Shelving location Date acquired Serial Enumeration / chronology Koha item type
      Journals RRII Library RRII Library Rubber chemistry 17/12/2021 Volume 56, Issue 12 Journals